100 prénoms féminins les plus populaires au Québec - 2010 - Statistiques

Statistiques générales
  • Ce quiz a été pris 19 fois
  • Le résultat moyen est 33 sur 100
Statistiques - réponses
Réponse % Correct
Léa
82%
Charlotte
73%
Emma
73%
Clara
64%
Florence
64%
Victoria
64%
Émilie
55%
Emily
55%
Jade
55%
Julia
55%
Juliette
55%
Justine
55%
Laurence
55%
Léonie
55%
Maria
55%
Noémie
55%
Olivia
55%
Rose
55%
Sophie
55%
Zoé
55%
Alexia
45%
Alicia
45%
Béatrice
45%
Charlie
45%
Chloé
45%
Éloïse
45%
Gabrielle
45%
Maélie
45%
Maély
45%
Mathilde
45%
Mia
45%
Mya
45%
Océane
45%
Ophélie
45%
Sara
45%
Sarah
45%
Sophia
45%
Alexandra
36%
Amélia
36%
Amélie
36%
Annabelle
36%
Aurélie
36%
Camille
36%
Catherine
36%
Elisabeth
36%
Elodie
36%
Emy
36%
Eva
36%
Eve
36%
Frédérique
36%
Inès
36%
Jeanne
36%
Léanne
36%
Lina
36%
Maëlle
36%
Maya
36%
Sofia
36%
Alice
27%
Anabelle
27%
Daphnée
27%
Delphine
27%
Elizabeth
27%
Laurianne
27%
Laurie
27%
Marianne
27%
Marilou
27%
Naomie
27%
Rosalie
27%
Yasmine
27%
Amy
18%
Anaïs
18%
Arielle
18%
Audrey
18%
Coralie
18%
Isabella
18%
Jasmine
18%
Julianne
18%
Lily-Rose
18%
Maude
18%
Megan
18%
Mélodie
18%
Raphaëlle
18%
Alyssa
9%
Ariane
9%
Aya
9%
Erika
9%
Flavie
9%
Kelly-Ann
9%
Leila
9%
Magalie
9%
Maïka
9%
Malak
9%
Mégane
9%
Alycia
0%
Alyson
0%
Éliane
0%
Kayla
0%
Léa-Rose
0%
Maéva
0%
Rebecca
0%
Aucun quiz correspondant
Distribution des résultats
% des personnes avec chaque résultat
Percentile par nombre de réponses
Votre historique - résultats
Vous n’avez pas pris ce quiz